Loading...

Cultivation and utilization of medicinal plants

Bibliografiske detaljer
Hovedforfatter: Atal, C K
Andre forfattere: Kapur, B M
Format: Printed Book
Sprog:Undetermined
English
Udgivet: New Delhi Council of Scientific and Industrial Research 1982
Fag:
LEADER 00564nam a2200157Ia 4500
008 140306s9999 xx 000 0 und d
041 |a eng 
082 |a 581.6  |b ATA/CU 
100 |a Atal, C K 
700 |a Kapur, B M 
245 |a Cultivation and utilization of medicinal plants 
260 |a New Delhi  |b Council of Scientific and Industrial Research  |c 1982 
650 |a Economic botany 
942 |2 ddc  |c BK 
999 |c 119759  |d 119759 
952 |0 0  |1 0  |2 ddc  |4 0  |6 581_600000000000000_ATACU  |7 0  |9 118940  |a KAUHCV  |b KAUHCV  |d 2004-05-05  |o 581.6 ATA/CU  |p KAU_HCV-17336  |r 2014-03-22  |w 2014-03-22  |y BK